[Event "2020 Gustafson Memorial, S02075"]
[Site "CCLA"]
[Date "2020.10.24"]
[Round "?"]
[White "Edwards, K. E. D. G."]
[Black "Deskin, Gary"]
[Result "1-0"]
[WhiteElo "2340"]
[BlackElo "2306"]

1. e4 e5 2. Nf3 Nf6 3. Nxe5 d6 4. Nf3 Nxe4 5. d4 d5 6. Bd3 Bd6 7. O-O O-O 
8. Re1 Bf5 9. c4 c6 10. Qb3 Na6 11. cxd5 cxd5 12. Nc3 Be6 13. a3 Nc7 14. 
Be3 f5 15. Rad1 Kh8 16. Qc2 Rc8 17. Ne5 f4 18. Bc1 Bxe5 19. dxe5 Ng5 20. 
f3 d4 21. Be4 Nb5 22. Qf2 Nxc3 23. bxc3 Rxc3 24. Rxd4 Qc8 25. Bd2 Nxe4 26.
 Rexe4 Rxa3 27. h3 Ra2 28. Qh4 h6 29. Rxf4 Rxf4 30. Qxf4 b5 31. Kh2 a5 32.
 Qh4 Qc2 33. Rd6 Qg6 34. Qe7 Qf7 35. Rxe6 Qxe7 36. Rxe7 Rxd2 37. Rb7 Rd5 
38. e6 Re5 39. e7 Kh7 40. Rxb5 Rxe7 41. Rxa5 g6 42. g4 Rb7 43. Kg3 Kg7 44.
 h4 Kf6 45. Kg2 g5 46. Rf5+ Kg6 47. h5+ Kg7 48. Rc5 Rd7 49. Rc6 Kh7 50. 
Rg6 Rf7 51. Kg3 Ra7 52. Rc6 Rb7 53. Re6 Kg7 54. Rg6+ Kh7 55. Ra6 Kg7 56. 
Rc6 Ra7 {Black forfeited} 1-0

[Event "2020 Gustafson Memorial, S02075"]
[Site "CCLA"]
[Date "2020.10.24"]
[Round "?"]
[White "Deskin, Gary"]
[Black "Reinhart, Kenneth M."]
[Result "1/2-1/2"]
[WhiteElo "2306"]
[BlackElo "2405"]

1. d4 e6 2. c4 Nf6 3. Nf3 Bb4+ 4. Bd2 c5 5. Bxb4 cxb4 6. a3 bxa3 7. Rxa3 
O-O 8. e3 Nc6 9. Nc3 d6 10. Be2 a5 11. O-O Nb4 12. Qd2 b6 13. e4 Bb7 14. 
d5 e5 15. Ne1 Ba6 16. b3 Nd7 17. Nd3 Nxd3 18. Bxd3 Nc5 19. Bc2 Qc7 20. Re1
Rab8 21. Re3 Bc8 22. Nb5 Qe7 23. b4 axb4 24. Qxb4 Bd7 25. Ra7 Ra8 26. Qa3 
Rxa7 27. Qxa7 Rc8 28. Qxb6 Bxb5 29. Qxb5 Qa7 30. Qb2 Ra8 31. g3 g6 32. Kg2
Kg7 33. h4 h5 34. Bd1 Rb8 35. Qc1 Rb4 36. Qc3 Qb6 37. Bc2 Rb2 38. Kf3 Ra2 
39. Kg2 Rb2 40. Kf3 Nd7 41. Rd3 Rb4 42. Kg2 Qc5 43. Bb3 Nb6 44. Rd2 Nxc4 
45. Bxc4 Rxc4 46. Qf3 Qb4 47. Ra2 1/2-1/2

[Event "2020 Gustafson Memorial, S02075"]
[Site "CCLA"]
[Date "2020.10.24"]
[Round "?"]
[White "Deskin, Gary"]
[Black "Edwards, K. E. D. G."]
[Result "1/2-1/2"]
[WhiteElo "2306"]
[BlackElo "2340"]

1. d4 Nf6 2. c4 e6 3. Nf3 d5 4. g3 dxc4 5. Bg2 c6 6. a4 c5 7. O-O Nc6 8. 
Ne5 Nxd4 9. e3 Nb3 10. Ra3 Qxd1 11. Rxd1 Be7 12. Nxc4 Nxc1 13. Rxc1 O-O 
14. Rd3 Nd5 15. Nc3 Nxc3 16. bxc3 Rb8 17. Ne5 b6 18. Rcd1 h6 19. h4 g6 20.
 Nd7 Bxd7 21. Rxd7 Bf6 22. c4 Rfd8 23. Bf3 Rxd7 24. Rxd7 a5 25. h5 g5 26. 
g4 Rd8 27. Rxd8+ Bxd8 28. Bc6 Kg7 29. Kf1 f5 30. f3 Bc7 31. Ke2 Kf6 32. e4
f4 33. Kd3 Be5 34. Bd7 Ke7 35. Bc6 Kd6 36. Be8 Bd4 37. Bb5 Ke5 38. Bc6 Kf6
1/2-1/2

[Event "2020 Gustafson Memorial, S02075"]
[Site "CCLA"]
[Date "2020.10.24"]
[Round "?"]
[White "Deskin, Gary"]
[Black "Buss, Michael D."]
[Result "1/2-1/2"]
[WhiteElo "2306"]
[BlackElo "2434"]

1. d4 Nf6 2. c4 e6 3. Nf3 d5 4. g3 Bb4+ 5. Bd2 Be7 6. Bg2 c6 7. O-O Nbd7 
8. Qc2 O-O 9. Rd1 b6 10. Bf4 Ba6 11. Ne5 Rc8 12. cxd5 Nxd5 13. Nc3 Nxc3 
14. bxc3 Nxe5 15. Bxe5 Bc4 16. h4 h6 17. e4 Qd7 18. Bf4 b5 19. a4 a6 20. 
axb5 axb5 21. Bf1 Bxf1 22. Kxf1 Bd6 23. Bxd6 Qxd6 24. Kg2 Ra8 25. Qe2 Rxa1
26. Rxa1 e5 27. d5 cxd5 1/2-1/2

[Event "2020 Gustafson Memorial, S02075"]
[Site "CCLA"]
[Date "2020.10.24"]
[Round "?"]
[White "Buss, Michael D."]
[Black "Reinhart, Kenneth M."]
[Result "0-1"]
[WhiteElo "2434"]
[BlackElo "2405"]

1. e4 e6 2. Qe2 c5 3. g3 Nc6 4. Bg2 Nge7 5. Nf3 g6 6. O-O Bg7 7. c3 e5 8. 
Na3 O-O 9. d3 d6 10. Be3 h6 11. Qd2 Kh7 12. d4 exd4 13. cxd4 f5 14. exf5 
Nxf5 15. dxc5 Nxe3 16. Qxe3 Re8 17. Qb3 dxc5 18. Rae1 Rb8 19. Qc4 b6 20. 
Rxe8 Qxe8 21. Re1 Qd7 22. h4 Bb7 23. b3 Rf8 24. Nc2 Qf7 25. Qxf7 Rxf7 26. 
Re8 {White withdrew} 0-1

[Event "2020 Gustafson Memorial, S02075"]
[Site "CCLA"]
[Date "2020.10.24"]
[Round "?"]
[White "Buss, Michael D."]
[Black "Edwards, K. E. D. G."]
[Result "0-1"]
[WhiteElo "2434"]
[BlackElo "2340"]

1. e4 e5 2. Nf3 Nf6 3. Nxe5 d6 4. Nf3 Nxe4 5. Nc3 Nxc3 6. dxc3 Be7 7. Be3 
O-O 8. Qd2 Nd7 9. O-O-O Nf6 10. Bd3 c5 11. Rhe1 Be6 12. Kb1 Qa5 13. c4 
Qxd2 14. Bxd2 Rfe8 15. Ng5 Bd7 16. Ne4 Bc6 17. Bf4 d5 18. Nxf6+ Bxf6 19. 
cxd5 Rxe1 20. Rxe1 Bxd5 21. Be4 Bxe4 22. Rxe4 h5 23. h3 b6 24. g4 Rd8 
{White withdrew} 0-1

[Event "2020 Gustafson Memorial, S02075"]
[Site "CCLA"]
[Date "2020.10.24"]
[Round "?"]
[White "Buss, Michael D."]
[Black "Deskin, Gary"]
[Result "0-1"]
[WhiteElo "2434"]
[BlackElo "2306"]

1. e4 e5 2. Nf3 Nf6 3. d4 Nxe4 4. Bd3 d5 5. Nxe5 Nd7 6. Nxd7 Bxd7 7. O-O 
Bd6 8. Nc3 Nxc3 9. bxc3 O-O 10. Qh5 f5 11. Re1 c6 12. Bg5 Qc7 13. c4 Be8 
14. Qh4 dxc4 15. Bxc4+ Bf7 16. Bd3 g6 17. Bf6 Rae8 18. c4 Be6 19. Bg5 Bb4 
20. Red1 Be7 21. Rab1 b6 22. Bxe7 Qxe7 23. Qf4 Rd8 24. Bf1 Qf7 25. Rbc1 
Rd7 26. d5 cxd5 27. cxd5 Bxd5 {White withdrew} 0-1

[Event "2020 Gustafson Memorial, S02075"]
[Site "CCLA"]
[Date "2020.10.24"]
[Round "?"]
[White "Reinhart, Kenneth M."]
[Black "Buss, Michael D."]
[Result "1-0"]
[WhiteElo "2405"]
[BlackElo "2434"]

1. e4 c5 2. c3 Nf6 3. e5 Nd5 4. Nf3 Nc6 5. d4 cxd4 6. cxd4 d6 7. Bc4 Nb6 
8. Bb5 Bd7 9. exd6 e6 10. Bg5 f6 11. Bd2 Bxd6 12. O-O O-O 13. Nc3 a6 14. 
Bd3 Be8 15. Re1 Bh5 16. h3 Qd7 17. Be2 Rac8 18. Qb3 Bc7 19. Be3 Na5 20. 
Qd1 Bg6 21. Bd3 Bxd3 22. Qxd3 Nac4 23. Bc1 Rfe8 24. Ne4 Qd5 25. b3 Nd6 
26. Nc5 Nf7 {Black withdrew} 1-0

[Event "2020 Gustafson Memorial, S02075"]
[Site "CCLA"]
[Date "2020.10.24"]
[Round "?"]
[White "Edwards, K. E. D. G."]
[Black "Buss, Michael D."]
[Result "1-0"]
[WhiteElo "2340"]
[BlackElo "2434"]

1. d4 Nf6 2. c4 e6 3. Nc3 Bb4 4. f3 c5 5. d5 O-O 6. e4 b5 7. e5 Ne8 8. f4 
exd5 9. cxd5 d6 10. Nf3 c4 11. a4 Nd7 12. Be2 Qb6 13. axb5 dxe5 14. fxe5 
Nc7 15. Bd2 Bb7 16. Bxc4 Rae8 17. Qe2 Nxe5 18. Nxe5 Rxe5 19. Qxe5 Re8 20. 
Qxe8+ Nxe8 21. O-O-O Nd6 22. Bd3 a6 23. Ne4 Bxd2+ 24. Rxd2 axb5 25. Nxd6 
Qxd6 26. Bc2 {Black withdrew} 1-0

[Event "2020 Gustafson Memorial, S02076"]
[Site "CCLA"]
[Date "2020.10.24"]
[Round "?"]
[White "Caliguire, John J."]
[Black "Vlasov, Andrey"]
[Result "0-1"]
[WhiteElo "2312"]
[BlackElo "2298"]

1. f4 d5 2. Nf3 Nf6 3. g3 g6 4. Bg2 Bg7 5. O-O O-O 6. d3 c5 7. c3 Nc6 8. 
Qe1 d4 9. Na3 Nd5 10. Bd2 Rb8 11. Nc2 b6 12. cxd4 cxd4 13. Qf2 Bb7 14. 
Rac1 Rc8 15. Ne5 Nxe5 16. fxe5 Qd7 17. Qxd4 Qe6 18. Ne3 Bxe5 19. Bxd5 Bxd4
20. Bxe6 fxe6 21. Rxf8+ Kxf8 22. Rxc8+ Bxc8 23. b3 e5 24. Kf1 Bh3+ 25. Ke1
Kf7 26. Nd5 h5 27. Bg5 Bg2 28. e4 0-1

[Event "2020 Gustafson Memorial, S02076"]
[Site "CCLA"]
[Date "2020.10.24"]
[Round "?"]
[White "Caliguire, John J."]
[Black "Smolensky, Randy"]
[Result "1-0"]
[WhiteElo "2312"]
[BlackElo "2165"]

1. f4 e5 2. fxe5 d6 3. exd6 Bxd6 4. Nf3 g5 5. g3 g4 6. Nh4 Ne7 7. d4 Ng6 
8. Nxg6 hxg6 9. Qd3 Nc6 10. c3 Qe7 11. Bg2 Bf5 12. e4 O-O-O 13. Be3 Rde8 
14. Nd2 g5 15. exf5 Qxe3+ 16. Qxe3 Rxe3+ 17. Kf2 Ree8 18. Ne4 1-0

[Event "2020 Gustafson Memorial, S02076"]
[Site "CCLA"]
[Date "2020.10.24"]
[Round "?"]
[White "Caliguire, John J."]
[Black "Carter, Maurice H."]
[Result "1-0"]
[WhiteElo "2312"]
[BlackElo "2168"]

1. Nf3 c5 2. c4 g6 3. g3 b6 4. Bg2 Bb7 5. d4 cxd4 6. Qxd4 Nf6 7. Nc3 Bg7 
8. O-O O-O 9. Qh4 d6 10. Bh6 Nbd7 11. Rac1 Re8 12. Bxg7 Kxg7 13. Rfd1 Rb8 
14. b3 h6 15. Qd4 Kh7 16. e4 Kg8 17. Qd2 Kg7 18. Nd4 Ne5 19. f4 Ned7 20. 
e5 dxe5 21. fxe5 Ng8 22. Bxb7 Nxe5 23. Qf4 1-0

[Event "2020 Gustafson Memorial, S02076"]
[Site "CCLA"]
[Date "2020.10.24"]
[Round "?"]
[White "Vlasov, Andrey"]
[Black "Caliguire, John J."]
[Result "1-0"]
[WhiteElo "2298"]
[BlackElo "2312"]

1. d4 Nf6 2. c4 g6 3. Nc3 d5 4. cxd5 Nxd5 5. e4 Nxc3 6. bxc3 c5 7. Nf3 Bg7
8. Rb1 O-O 9. Be2 cxd4 10. cxd4 Qa5+ 11. Bd2 Qxa2 12. O-O b6 13. Qc1 Qe6 
14. Bc4 Qxe4 15. Re1 Qb7 16. Bh6 Bf5 17. Rb3 e6 18. Bxg7 Kxg7 19. d5 exd5 
20. Nd4 Be6 21. Bb5 a6 22. Bd3 Bd7 23. Re7 Qc8 24. Rc3 Qd8 25. Qe3 b5 26. 
Qe5+ Kg8 27. h4 Qa5 1-0

[Event "2020 Gustafson Memorial, S02076"]
[Site "CCLA"]
[Date "2020.10.24"]
[Round "?"]
[White "Vlasov, Andrey"]
[Black "Smolensky, Randy"]
[Result "1-0"]
[WhiteElo "2298"]
[BlackElo "2165"]

1. g3 g6 2. Bg2 Bg7 3. c4 c5 4. Nc3 Nc6 5. Nf3 Nf6 6. O-O O-O 7. d4 d6 8. 
d5 Na5 9. Nd2 Bd7 10. Qc2 Rb8 11. b3 a6 12. Bb2 b5 13. Rab1 Re8 14. Rfe1 
h5 15. Nce4 bxc4 16. bxc4 Bf5 17. Nxf6+ Bxf6 18. e4 Bd7 19. Bxf6 Rxb1 20. 
Rxb1 exf6 21. Qb2 1-0

[Event "2020 Gustafson Memorial, S02076"]
[Site "CCLA"]
[Date "2020.10.24"]
[Round "?"]
[White "Vlasov, Andrey"]
[Black "Carter, Maurice H."]
[Result "1-0"]
[WhiteElo "2298"]
[BlackElo "2168"]

1. Nf3 c5 2. e4 Nc6 3. d4 cxd4 4. Nxd4 Qb6 5. Nb3 Nf6 6. Nc3 e6 7. Be3 Qc7
8. a3 a6 9. f4 d6 10. g4 Nd7 11. Qd2 Be7 12. O-O-O b6 13. Kb1 Nc5 14. h4 
Bb7 15. g5 O-O-O 16. Bh3 Kb8 17. Qf2 Rhe8 18. Rhf1 Na7 19. f5 Nb5 20. Nxb5
axb5 21. fxe6 fxe6 22. Nd4 Rf8 23. Qe2 Bxe4 24. Rxf8 Rxf8 25. Bxe6 Bc6 26.
 Nxc6+ 1-0

[Event "2020 Gustafson Memorial, S02076"]
[Site "CCLA"]
[Date "2020.10.24"]
[Round "?"]
[White "Smolensky, Randy"]
[Black "Caliguire, John J."]
[Result "0-1"]
[WhiteElo "2165"]
[BlackElo "2312"]

1. e4 Nf6 2. e5 Nd5 3. Nc3 Nxc3 4. dxc3 d5 5. f4 Bf5 6. Bd3 Bxd3 7. Qxd3 
Qd7 8. Be3 e6 9. Nf3 c5 10. O-O Be7 11. Rad1 c4 12. Qe2 Nc6 13. Kh1 b5 14.
 a3 g6 15. Qf2 a5 16. Bc5 Bxc5 17. Qxc5 h5 18. Ng5 Ne7 19. Ne4 Kf8 20. Nd6
Rb8 21. a4 bxa4 22. Nxc4 Qb5 23. Qxb5 Rxb5 24. Na3 Rxb2 25. Rd4 Kg7 26. 
Rxa4 Rc8 27. Rxa5 Rxc3 28. Kg1 Nf5 29. Ra7 Rb4 30. Rf2 h4 31. Ra6 h3 32. 
gxh3 Nh4 0-1

[Event "2020 Gustafson Memorial, S02076"]
[Site "CCLA"]
[Date "2020.10.24"]
[Round "?"]
[White "Smolensky, Randy"]
[Black "Vlasov, Andrey"]
[Result "0-1"]
[WhiteElo "2165"]
[BlackElo "2298"]

1. e4 g6 2. d4 Bg7 3. Nc3 d5 4. exd5 Nf6 5. Bc4 Nbd7 6. Nf3 O-O 7. O-O Nb6
8. Bb3 a5 9. a4 Nbxd5 10. Re1 c6 11. h3 Be6 12. Ng5 Nxc3 13. Nxe6 Nxd1 14.
 Nxd8 Rfxd8 15. Rxd1 c5 16. Be3 Ne4 17. c3 cxd4 18. Bxd4 Bxd4 19. cxd4 
Rac8 20. f3 Nf6 21. Kf2 e6 22. Rd2 Rd6 23. Rad1 Rb6 24. Rc2 Rxc2+ 0-1

[Event "2020 Gustafson Memorial, S02076"]
[Site "CCLA"]
[Date "2020.10.24"]
[Round "?"]
[White "Smolensky, Randy"]
[Black "Carter, Maurice H."]
[Result "1-0"]
[WhiteElo "2165"]
[BlackElo "2168"]

1. e4 c5 2. Nf3 Nc6 3. Bb5 g6 4. O-O Bg7 5. Re1 e5 6. Bxc6 dxc6 7. Nc3 Nh6
8. d3 f6 9. h3 Nf7 10. Be3 b6 11. a4 O-O 12. a5 Bd7 13. Na4 Qc7 14. axb6 
axb6 15. b4 cxb4 16. Bxb6 Qb8 17. Be3 Rd8 18. Nc5 Bf8 19. Qb1 Rxa1 20. 
Qxa1 Qb5 21. Qa7 Bc8 22. Rb1 f5 23. c4 Bxc5 24. Bxc5 Qa6 25. Qe7 Qa8 26. 
Nxe5 Rf8 27. Qxf8# 1-0

[Event "2020 Gustafson Memorial, S02076"]
[Site "CCLA"]
[Date "2020.10.24"]
[Round "?"]
[White "Carter, Maurice H."]
[Black "Caliguire, John J."]
[Result "0-1"]
[WhiteElo "2168"]
[BlackElo "2312"]

1. e4 Nf6 2. Nc3 e5 3. Nf3 Nc6 4. Bb5 Nd4 5. Bc4 Bc5 6. Nxe5 Qe7 7. Nf3 d5
8. Bxd5 Bg4 9. d3 c6 10. Bb3 Nd7 11. O-O Qf6 12. Be3 Nxf3+ 13. Kh1 Nxh2 
0-1

[Event "2020 Gustafson Memorial, S02076"]
[Site "CCLA"]
[Date "2020.10.24"]
[Round "?"]
[White "Carter, Maurice H."]
[Black "Vlasov, Andrey"]
[Result "1/2-1/2"]
[WhiteElo "2168"]
[BlackElo "2298"]

1. e4 c5 2. Nc3 a6 3. g3 b5 4. Bg2 Bb7 5. d3 e6 6. Nf3 d6 7. O-O Nf6 8. b3
Be7 9. Bb2 O-O 10. Ne2 Nc6 11. Nd2 Qc7 12. Nf3 h6 13. a3 Nd7 14. h3 Rac8 
15. Qd2 Bf6 1/2-1/2

[Event "2020 Gustafson Memorial, S02076"]
[Site "CCLA"]
[Date "2020.10.24"]
[Round "?"]
[White "Carter, Maurice H."]
[Black "Smolensky, Randy"]
[Result "1/2-1/2"]
[WhiteElo "2168"]
[BlackElo "2165"]

1. e4 e5 2. Nf3 Nc6 3. Bb5 Nge7 4. c3 a6 5. Ba4 g6 6. O-O Bg7 7. d3 O-O 8.
 Be3 d6 9. h3 Bd7 10. Nbd2 b5 11. Bb3 Na5 12. Bc2 c5 13. Re1 Qc7 14. Nf1 
Rfe8 15. Ng3 Rac8 16. Rc1 Nb7 17. Bb1 d5 18. exd5 Nxd5 19. Bd2 Bc6 20. Nh2
Nf4 21. Nf3 Rcd8 22. Be3 e4 23. Bxf4 Qxf4 24. Nh2 e3 25. Nh1 exf2+ 26. 
Nxf2 Qg3 27. Qg4 Re3 28. Rxe3 Qxe3 29. Rd1 1/2-1/2

[Event "2020 Gustafson Memorial, S02077"]
[Site "CCLA"]
[Date "2020.10.24"]
[Round "?"]
[White "Henderson, Scot"]
[Black "Blumberg, David L."]
[Result "0-1"]
[WhiteElo "2002"]
[BlackElo "2052"]

1. Nf3 Nf6 2. d4 e6 3. g3 b5 4. Bg2 Bb7 5. O-O c5 6. b3 cxd4 7. Qxd4 Be7 
8. c4 Nc6 9. Qd1 b4 10. Bb2 O-O 11. Nbd2 Qc7 12. Rc1 d6 13. Rc2 a5 14. e4 
a4 15. Qe2 axb3 16. axb3 Ra5 17. Ra1 Rxa1+ 18. Bxa1 Ra8 19. Rc1 Ra2 20. 
Qe1 e5 21. Nf1 Qa5 22. Nh4 g6 23. f4 Ng4 24. c5 Rxa1 25. Rxa1 Qxc5+ 26. 
Ne3 Qxe3+ 27. Qxe3 Nxe3 28. Nf3 Nxg2 29. Kxg2 f6 30. Nd2 Bd8 31. Nc4 Bc7 
32. Kf2 Kf8 33. h4 h5 34. Ke3 Ke7 35. fxe5 dxe5 36. Rg1 Na5 37. Ra1 Nxc4+ 
38. bxc4 Bb6+ 39. Kd3 Kd6 40. Rf1 Ke6 41. Rb1 Bc5 42. Re1 f5 0-1

[Event "2020 Gustafson Memorial, S02077"]
[Site "CCLA"]
[Date "2020.10.24"]
[Round "?"]
[White "Henderson, Scot"]
[Black "Blomquist, Gary"]
[Result "0-1"]
[WhiteElo "2002"]
[BlackElo "1973"]

1. e4 g5 2. h4 gxh4 3. Bc4 Nf6 4. Nc3 Nc6 5. d4 e5 6. Bg5 Be7 7. Nf3 exd4 
8. Nxd4 Nxe4 9. Bxf7+ Kxf7 10. Qh5+ Kg8 11. Bh6 d5 12. Nxc6 bxc6 13. Nxe4 
dxe4 14. Rd1 Bd7 15. Qe2 Qc8 16. Qxe4 Bf6 17. O-O Kf7 18. Qe2 Bg4 19. f3 
Qe6 20. Qd2 Bf5 21. Rfe1 Qc4 22. Qa5 Kg6 23. Re5 Bxe5 24. Qxe5 Kxh6 25. 
Rd4 Qe6 26. Rxh4+ Kg6 27. Qg3+ Kf6 28. Rh6+ Bg6 29. f4 Rad8 0-1

[Event "2020 Gustafson Memorial, S02077"]
[Site "CCLA"]
[Date "2020.10.24"]
[Round "?"]
[White "Henderson, Scot"]
[Black "Pates, Clive"]
[Result "0-1"]
[WhiteElo "2002"]
[BlackElo "1957"]

1. d4 d6 2. e4 Nf6 3. Nc3 Nbd7 4. f4 e5 5. Nf3 exd4 6. Qxd4 c6 7. Bc4 d5 
8. exd5 Bc5 9. Qd3 O-O 10. Bd2 Re8+ 11. Ne2 Ne4 12. Rf1 Nxd2 13. Qxd2 Nb6 
14. Bb3 Be3 15. Qd3 Nxd5 16. Ne5 Qa5+ 17. c3 Nxf4 18. Bxf7+ Kh8 19. Rxf4 
Bxf4 20. Bxe8 Qxe5 21. Bxc6 Bf5 22. Qd4 Qxd4 23. cxd4 Bxh2 24. Bf3 Bd6 25.
 Rc1 g5 26. b3 Rb8 27. g4 Bd7 28. Kf2 Rf8 29. Kg2 b6 30. d5 Re8 31. Nd4 
Kg7 32. Nc6 a5 33. Rc2 h5 34. gxh5 g4 35. Bd1 Bf5 36. Rf2 Be4+ 37. Kf1 g3 
38. Rd2 Rf8+ 0-1

[Event "2020 Gustafson Memorial, S02077"]
[Site "CCLA"]
[Date "2020.10.24"]
[Round "?"]
[White "Blumberg, David L."]
[Black "Henderson, Scot"]
[Result "1-0"]
[WhiteElo "2052"]
[BlackElo "2002"]

1. d4 Nf6 2. c4 e6 3. Nc3 d5 4. Nf3 c5 5. cxd5 Nxd5 6. e4 Nxc3 7. bxc3 
cxd4 8. cxd4 Nc6 9. Bc4 b5 10. Be2 Bb4+ 11. Bd2 Qa5 12. d5 exd5 13. exd5 
Ne7 14. O-O Nf5 15. Bxb4 Qxb4 16. Rb1 1-0

[Event "2020 Gustafson Memorial, S02077"]
[Site "CCLA"]
[Date "2020.10.24"]
[Round "?"]
[White "Blumberg, David L."]
[Black "Blomquist, Gary"]
[Result "1/2-1/2"]
[WhiteElo "2052"]
[BlackElo "1973"]

1. d4 e5 2. dxe5 Nc6 3. Nf3 Nge7 4. Nc3 Ng6 5. Bg5 Be7 6. Bxe7 Qxe7 7. Nd5
Qd8 8. Qd2 O-O 9. O-O-O Ncxe5 10. Nxe5 Nxe5 11. e4 d6 12. f4 Ng4 13. h3 
Nf6 14. Nxf6+ Qxf6 15. Kb1 Re8 16. Bd3 b5 17. Rhe1 Bb7 18. g4 Qh6 19. Bxb5
Rxe4 20. Rxe4 Bxe4 21. Bf1 d5 22. Bg2 Bxg2 23. Qxg2 Qxf4 24. Qxd5 Re8 25. 
Qd7 Qe5 26. a3 g6 27. Rd3 Re7 28. Qd8+ Kg7 29. Rd1 Re6 30. Rd5 Qh2 31. Rd3
Re1+ 32. Ka2 Re2 33. Qd4+ Kh6 34. Rf3 Rxc2 35. g5+ Kxg5 36. Qg4+ Kh6 37. 
Qh4+ Kg7 38. Qf6+ Kh6 39. Qh4+ Kg7 40. Qf6+ Kh6 41. Qh4+ 1/2-1/2

[Event "2020 Gustafson Memorial, S02077"]
[Site "CCLA"]
[Date "2020.10.24"]
[Round "?"]
[White "Blumberg, David L."]
[Black "Pates, Clive"]
[Result "1-0"]
[WhiteElo "2052"]
[BlackElo "1957"]

1. d4 d6 2. e4 Nf6 3. Nc3 Nbd7 4. Nf3 e5 5. Bc4 Be7 6. O-O h6 7. a4 c6 8. 
Re1 Qc7 9. h3 Nf8 10. Be3 Rg8 11. Nh2 g5 12. Be2 Ng6 13. Ng4 Bxg4 14. Bxg4
Nxg4 15. Qxg4 exd4 16. Bxd4 Nf4 17. Ne2 h5 18. Qf5 Ne6 19. Qh7 Rf8 20. 
Qxh5 Nxd4 21. Nxd4 O-O-O 22. Qg4+ Kb8 23. Nf5 Bf6 24. c3 Rg8 25. Ne3 Rd7 
26. Qf3 Rg6 27. Ng4 Bd8 28. b4 Re7 29. a5 Rge6 30. Ra2 Re8 31. Rae2 f6 32.
 Qd3 Qe7 33. Kf1 1-0

[Event "2020 Gustafson Memorial, S02077"]
[Site "CCLA"]
[Date "2020.10.24"]
[Round "?"]
[White "Blomquist, Gary"]
[Black "Henderson, Scot"]
[Result "1-0"]
[WhiteElo "1973"]
[BlackElo "2002"]

1. f4 d5 2. Nc3 Nf6 3. d3 Bf5 4. Nf3 e6 5. g3 c5 6. Bg2 Nc6 7. O-O d4 8. 
e4 dxe3 9. Bxe3 Be7 10. h3 Nd5 11. Nxd5 exd5 12. g4 d4 13. gxf5 dxe3 14. 
Ne5 Nd4 15. Qh5 O-O 16. Bxb7 Rb8 17. Be4 Bf6 18. Rab1 e2 19. Rfc1 Rb6 20. 
c3 Bxe5 21. fxe5 Rh6 22. Qg4 Rh4 23. Qg3 Rh5 24. f6 Ne6 25. h4 g5 26. Kf2 
Kh8 27. Rh1 Rg8 28. Qf3 g4 29. Qg3 c4 30. Rhe1 cxd3 31. Bxd3 Nc5 32. Bc2 
Qd2 33. Rxe2 Qxc2 34. Rxc2 Ne4+ 35. Kg2 Nxg3 36. Kxg3 Rxe5 37. Rd1 Re3+ 
38. Kg2 h5 39. Rd5 Rge8 40. Rxh5+ Kg8 41. Rg5+ Kh8 42. Rf2 1-0

[Event "2020 Gustafson Memorial, S02077"]
[Site "CCLA"]
[Date "2020.10.24"]
[Round "?"]
[White "Blomquist, Gary"]
[Black "Blumberg, David L."]
[Result "1-0"]
[WhiteElo "1973"]
[BlackElo "2052"]

1. f4 d5 2. Nc3 Nf6 3. d3 d4 4. Ne4 Nc6 5. Nxf6+ exf6 6. c3 Bc5 7. Nf3 Qe7
8. cxd4 Nxd4 9. Nxd4 Bxd4 10. Qa4+ Qd7 11. Qxd7+ Bxd7 12. e3 Bb6 13. Bd2 
O-O 14. Be2 Bc6 15. Bf3 Bxf3 16. gxf3 Rfe8 17. e4 Rad8 18. Ke2 Bd4 19. 
Rac1 c6 20. Rc4 Rd7 21. Bc3 Red8 22. Bxd4 Rxd4 23. Rxd4 Rxd4 24. Rc1 Kf8 
25. Ke3 Rd6 26. d4 Ke7 27. Rg1 g6 28. e5 fxe5 29. fxe5 Rd5 30. Rg4 Ke6 31.
 b4 Rb5 32. Kd3 Kf5 33. Kc4 a5 34. a3 h5 35. Re4 a4 36. Kd3 Rd5 37. Ke3 g5
38. h4 Rd7 39. e6 fxe6 40. Re5+ Kg6 41. Rxe6+ Kf5 42. Re5+ Kg6 43. Rxg5+ 
Kh6 44. f4 Re7+ 45. Kd3 Re1 46. f5 Rh1 47. f6 Rxh4 48. Rf5 1-0

[Event "2020 Gustafson Memorial, S02077"]
[Site "CCLA"]
[Date "2020.10.24"]
[Round "?"]
[White "Blomquist, Gary"]
[Black "Pates, Clive"]
[Result "1-0"]
[WhiteElo "1973"]
[BlackElo "1957"]

1. f4 Nf6 2. Nc3 d5 3. d3 d4 4. Ne4 c5 5. Nf3 Nc6 6. e3 e6 7. exd4 Nxd4 8.
 Ne5 Nd7 9. c3 Nxe5 10. cxd4 Nd7 11. Be3 Qa5+ 12. Qd2 Qxd2+ 13. Kxd2 cxd4 
14. Bxd4 f6 15. g3 e5 16. fxe5 Nxe5 17. Bg2 Bf5 18. Rhf1 Bb4+ 19. Ke3 Ng4+
20. Ke2 Bg6 21. h3 Ne5 22. Nxf6+ gxf6 23. Rxf6 Nf7 24. Bxb7 Rd8 25. Bc6+ 
Ke7 26. Rf4 Rxd4 27. Rxd4 Bd6 28. Ra4 Bxd3+ 29. Ke3 Bf5 30. Rxa7+ Kf6 31. 
Ra6 Bc8 32. Rf1+ Ke6 33. Ra5 Ne5 34. Bd5+ Ke7 35. Kd4 Nd7 36. Re1+ Kd8 37.
 Ra8 Bxg3 38. Rc1 Nb6 39. Bb7 Kd7 40. Bxc8+ Rxc8 41. Rcxc8 Nxc8 42. Ra6 h5
43. Rf6 Ne7 44. b4 1-0

[Event "2020 Gustafson Memorial, S02077"]
[Site "CCLA"]
[Date "2020.10.24"]
[Round "?"]
[White "Pates, Clive"]
[Black "Henderson, Scot"]
[Result "1-0"]
[WhiteElo "1957"]
[BlackElo "2002"]

1. d4 Nf6 2. Nf3 e6 3. Bg5 d5 4. e3 Be7 5. Nbd2 Nbd7 6. Bd3 h6 7. Bh4 c5 
8. c3 b6 9. Ne5 Nxe5 10. dxe5 Nd7 11. Bxe7 Qxe7 12. f4 Bb7 13. Qe2 g5 14. 
a4 f5 15. exf6 Qxf6 16. Qh5+ Ke7 17. O-O Raf8 18. a5 Rhg8 19. f5 Qe5 20. 
Qh3 g4 21. Qh4+ Nf6 22. Qxh6 Rh8 23. Qf4 Qxf4 24. Rxf4 e5 25. Rf2 g3 26. 
hxg3 Ng4 27. axb6 Rh1+ 28. Kxh1 Nxf2+ 29. Kg1 Nxd3 30. Rxa7 Rb8 31. Nb3 
Kd6 32. Na5 Bc8 33. f6 c4 34. b7 Be6 35. Ra8 Kc7 36. Nc6 Rxb7 37. Nd8 Bf7 
38. Nxb7 Kxb7 39. Rf8 Be6 40. f7 Bxf7 41. Rxf7+ Kb6 42. g4 Nxb2 43. g5 1-0

[Event "2020 Gustafson Memorial, S02077"]
[Site "CCLA"]
[Date "2020.10.24"]
[Round "?"]
[White "Pates, Clive"]
[Black "Blumberg, David L."]
[Result "1-0"]
[WhiteElo "1957"]
[BlackElo "2052"]

1. d4 Nf6 2. Nf3 e6 3. Bg5 h6 4. Bh4 b6 5. e3 Bb7 6. Bd3 c5 7. O-O Be7 8. 
Bxf6 Bxf6 9. c3 Nc6 10. Nbd2 O-O 11. Qe2 cxd4 12. exd4 Qc7 13. Rfe1 Be7 
14. Bc2 Rac8 15. Qd3 g6 16. a3 Rfe8 17. Nf1 Bf6 18. Ne3 Ne7 19. Ng4 Bg7 
20. Nd2 d6 21. Ne4 Bxe4 22. Qxe4 h5 23. Ne3 d5 24. Qf3 Rf8 25. Re2 Rcd8 
26. Bb3 Nc6 27. g4 hxg4 28. Qxg4 Bh6 29. Qg2 Bf4 30. h4 Kg7 31. Qg4 Rh8 
32. Ng2 Bh2+ 33. Kf1 Rh5 34. f4 Rdh8 35. Rf2 Na5 36. Bc2 Nc4 37. Re1 Nxb2 
38. Bxg6 fxg6 39. Rxe6 Qc4+ 40. Rfe2 Qd3 41. Re3 Qd1+ 42. Ne1 Qb1 43. Re7+
Kh6 44. Rxh2 Nc4 45. Qg5+ 1-0

[Event "2020 Gustafson Memorial, S02077"]
[Site "CCLA"]
[Date "2020.10.24"]
[Round "?"]
[White "Pates, Clive"]
[Black "Blomquist, Gary"]
[Result "1-0"]
[WhiteElo "1957"]
[BlackElo "1973"]

1. d4 e5 2. dxe5 Nc6 3. Nf3 Nge7 4. Nc3 Ng6 5. Bg5 Be7 6. Bxe7 Qxe7 7. Nd5
Qd8 8. Qd2 O-O 9. Qg5 Nce7 10. Nxe7+ Qxe7 11. Qxe7 Nxe7 12. e3 Nc6 13. Bb5
Re8 14. O-O-O Nb8 15. Bd3 g6 16. h4 h5 17. Rhg1 Nc6 18. Nd4 Rxe5 19. Nb5 
Nb4 20. Nxc7 Rb8 21. a3 Nxd3+ 22. Rxd3 b5 23. Nd5 Kg7 24. f4 Re4 25. Nc3 
Rc4 26. b3 Rc6 27. Ne4 b4 28. axb4 Rxb4 29. Nd2 a5 30. Kb2 d6 31. Rc3 Rc5 
32. Rxc5 dxc5 33. Ra1 Bb7 34. g3 Rb6 35. Rxa5 Rc6 36. e4 Kf6 37. Ra1 Rb6 
38. Re1 Ke6 39. c4 Rd6 40. Kc3 f6 41. Re3 Rd8 42. Kc2 Kf7 43. Rd3 Rxd3 44.
 Kxd3 g5 45. Nf3 1-0